| 000 | 01046nam0a22002531 4500 | ||
|---|---|---|---|
| 001 | rc\3029461 | ||
| 005 | 20250806201619.0 | ||
| 035 | _a(NLR Aleph) 007170480 | ||
| 090 |
_a44832 _c44832 |
||
| 100 | _a20110930d1944 u y0rusy50 ca | ||
| 101 | 0 | _arus | |
| 102 | _aRU | ||
| 105 | _ay j ||||| | ||
| 200 | 1 |
_aПрограммы приемных экзаменов для поступающих в высшие учебные заведения в 1944-45 гг. _eУтв. ВКВШ при СНК СССР _fВсесоюз. ком. по делам высш. школы при СНК СССР |
|
| 210 |
_aБаку _cАзИИ им. Азизбекова _d1944 _gтип. "Кр. Восток" |
||
| 215 |
_a46 с. _d17 см |
||
| 712 | 0 | 1 |
_aСССР _bКомитет по делам высшей школы _3RU\NLR\AUTH\8810020364 _4570 |
| 801 | 0 |
_aRU _bNLR _gpsbo |
|
| 801 | 1 |
_aRU _bELAR _2rusmarc |
|
| 852 |
_aNLR _jПр30 Г-2/76 |
||
| 942 | _cBOOK | ||
| 945 | _aРоссийская национальная библиотека | ||
| 980 | _aNB | ||
| 980 | _aBV | ||